[Event "POL-chT 2nd div South"]
[Site "Polanica Zdroj"]
[Date "1999.??.??"]
[Round "1"]
[White "Kaula, Roman"]
[Black "Markiewicz, Jerzy"]
[Result "1/2-1/2"]
[WhiteElo "2320"]
[BlackElo "2230"]
[PlyCount "24"]
[EventDate "1999.09.17"]
[EventType "team-swiss"]
[EventRounds "10"]
[EventCountry "POL"]
[SourceTitle "EXT 2001"]
[Source "ChessBase"]
[SourceDate "2000.11.22"]
[SourceVersion "1"]
[SourceVersionDate "2000.11.22"]
[SourceQuality "1"]
[WhiteTeam "POL-chT 2nd div South 23"]
[BlackTeam "POL-chT 2nd div South 16"]
[WhiteTeamCountry "POL"]
[BlackTeamCountry "POL"]

1. e4 c5 2. Nf3 d6 3. Bb5+ Bd7 4. Bxd7+ Qxd7 5. 0-0 Nf6 6. e5 dxe5 7. Nxe5 Qc7 8. d4 e6 9. Nc3 cxd4 10. Qxd4 Nc6 11. Nxc6 Qxc6 12. Bg5 Be7 1/2-1/2

[Event "MK Cafe Cup-B"]
[Site "Koszalin"]
[Date "1998.??.??"]
[Round "1"]
[White "Lopusiewicz, Piotr"]
[Black "Kaula, Roman"]
[Result "0-1"]
[WhiteElo "2115"]
[BlackElo "2315"]
[PlyCount "100"]
[EventDate "1998.08.??"]
[EventType "swiss"]
[EventRounds "10"]
[EventCountry "POL"]
[SourceTitle "EXT 1999"]
[Source "ChessBase"]
[SourceDate "1998.11.16"]
[SourceVersion "1"]
[SourceVersionDate "1998.11.16"]
[SourceQuality "1"]

1. e4 e5 2. Nf3 Nc6 3. Bb5 a6 4. Ba4 Nf6 5. 0-0 Be7 6. Re1 b5 7. Bb3 d6 8. c3 0-0 9. h3 Na5 10. Bc2 c5 11. d4 Qc7 12. Nbd2 cxd4 13. cxd4 Bd7 14. Nf1 Rac8 15. Ne3 Nc6 16. d5 Nb4 17. Bb1 a5 18. a3 Na6 19. b3 Nc5 20. Nd2 g6 21. g4 Ne8 22. Nf3 Ng7 23. Kh1 a4 24. bxa4 Nxa4 25. Qd2 Qc3 26. Qxc3 Nxc3 27. Bd3 f5 28. Nd2 fxe4 29. Nxe4 Nxe4 30. Bxe4 Rxf2 31. Rf1 Rxf1+ 32. Nxf1 Ne8 33. Kg2 Nc7 34. Bd2 Na6 35. Ne3 Nc5 36. Bc2 Bg5 37. Rd1 Ra8 38. Bc1 Bf4 39. Kf3 Kg7 40. Rh1 Na4 41. Bd2 Nb6 42. Bb4 Bxe3 43. Kxe3 Nxd5+ 44. Ke2 Nxb4 45. axb4 Ra2 46. Kd3 Ra3+ 47. Kd2 d5 48. Re1 Kf6 49. Bd3 e4 50. Bf1 Ke5 0-1

[Event "POL-chT 2nd League South"]
[Site "Wisla"]
[Date "1998.??.??"]
[Round "?"]
[White "Olszynski, Kazimierz"]
[Black "Kaula, Roman"]
[Result "1-0"]
[WhiteElo "2240"]
[BlackElo "2315"]
[PlyCount "101"]
[EventDate "1998.11.20"]
[EventType "team-swiss"]
[EventRounds "10"]
[EventCountry "POL"]
[SourceTitle "EXT 2000"]
[Source "ChessBase"]
[SourceDate "1999.11.16"]
[SourceVersion "1"]
[SourceVersionDate "1999.11.16"]
[SourceQuality "1"]

1. e4 e5 2. f4 Bc5 3. Nf3 d6 4. Bc4 Nc6 5. c3 Nf6 6. d3 0-0 7. fxe5 dxe5 8. Bg5 Be6 9. Nbd2 h6 10. Bh4 Be7 11. Qe2 Nh5 12. Bxe7 Qxe7 13. g3 Nf6 14. 0-0-0 Bxc4 15. Nxc4 Qe6 16. Kb1 b5 17. Ne3 b4 18. c4 Nd7 19. g4 Nc5 20. h4 Ne7 21. Nd5 Nxd5 22. cxd5 Qd6 23. Rc1 b3 24. a3 Rab8 25. Nxe5 Qxe5 26. Rxc5 f5 27. gxf5 Rxf5 28. Rc3 Rf4 29. h5 a5 30. Rf1 Rxf1+ 31. Qxf1 Rf8 32. Qe2 a4 33. Rc1 Qd4 34. Qd2 Rf3 35. Rd1 Rh3 36. Qc3 Qf2 37. Qxc7 Qd2 38. Qc8+ Kh7 39. Qf5+ Kh8 40. Rc1 Qxd3+ 41. Ka1 Qc2 42. Qf1 Rf3 43. Qd1 Qxe4 44. d6 Rd3 45. Rc8+ Kh7 46. Qb1 g6 47. Rc7+ Kg8 48. d7 Qf5 49. Rc8+ Kg7 50. d8Q Rxd8 51. Rxd8 1-0

[Event "POL-chT disctrict"]
[Site "Slask"]
[Date "1996.??.??"]
[Round "?"]
[White "Hnydiuk, Aleksander"]
[Black "Kaula, Roman"]
[Result "1/2-1/2"]
[WhiteElo "2295"]
[BlackElo "2315"]
[PlyCount "63"]
[EventDate "1996.??.??"]
[EventType "team"]
[EventRounds "12"]
[EventCountry "POL"]
[SourceTitle "EXT 2001"]
[Source "ChessBase"]
[SourceDate "2000.11.22"]
[SourceVersion "1"]
[SourceVersionDate "2000.11.22"]
[SourceQuality "1"]

1. e4 e5 2. Nf3 Nc6 3. Nc3 Nf6 4. d4 exd4 5. Nxd4 Bb4 6. Nxc6 bxc6 7. Bd3 d5 8. exd5 cxd5 9. 0-0 0-0 10. Nb5 Bg4 11. f3 Bd7 12. c3 Bc5+ 13. Nd4 h6 14. Be3 Bb6 15. b4 c5 16. bxc5 Bxc5 17. Qd2 Re8 18. Rae1 Rb8 19. Kh1 Rb6 20. g4 Qb8 21. Bf4 Bd6 22. Bxd6 Qxd6 23. Rxe8+ Nxe8 24. Re1 Rb8 25. Bf5 Nc7 26. Bxd7 Qxd7 27. Nf5 Re8 28. Rxe8+ Qxe8 29. Qe3 Qxe3 30. Nxe3 Kf8 31. Kg2 g6 32. f4 1/2-1/2

[Event "POL-chT reg"]
[Site "Poland"]
[Date "1995.??.??"]
[Round "?"]
[White "Kaula, Roman"]
[Black "Gromada, Andrzej"]
[Result "1-0"]
[WhiteElo "2350"]
[BlackElo "2150"]
[PlyCount "69"]
[EventDate "1995.??.??"]
[EventType "team"]
[EventRounds "11"]
[EventCountry "POL"]
[SourceTitle "EXT 2001"]
[Source "ChessBase"]
[SourceDate "2000.11.22"]
[SourceVersion "1"]
[SourceVersionDate "2000.11.22"]
[SourceQuality "1"]

1. e4 c5 2. Nf3 Nc6 3. Bb5 e6 4. 0-0 Nge7 5. c3 a6 6. Ba4 b5 7. Bc2 d5 8. d4 Ng6 9. exd5 Qxd5 10. Nbd2 cxd4 11. Be4 Qd7 12. Nxd4 Bb7 13. Nxc6 Bxc6 14. a4 b4 15. Qe2 Be7 16. Nc4 Rd8 17. Nb6 Qb7 18. Bxc6+ Qxc6 19. Qxa6 0-0 20. Qb5 Qe4 21. Qc4 Qxc4 22. Nxc4 bxc3 23. bxc3 Rc8 24. Nb6 Rxc3 25. a5 Bd8 26. Nd7 Re8 27. a6 Bc7 28. a7 Ra8 29. Be3 Ne5 30. Rfc1 Nxd7 31. Rxc3 Be5 32. Rc8+ Rxc8 33. a8Q Rxa8 34. Rxa8+ Nf8 35. Bc5 1-0

[Event "Polanica Zdroj op"]
[Site "Polanica Zdroj"]
[Date "1995.??.??"]
[Round "9"]
[White "Kaula, Roman"]
[Black "Stripunsky, Alexander"]
[Result "0-1"]
[WhiteElo "2350"]
[BlackElo "2495"]
[PlyCount "100"]
[EventDate "1995.08.??"]
[EventType "swiss"]
[EventRounds "10"]
[EventCountry "POL"]
[SourceTitle "EXT 1997"]
[Source "ChessBase"]
[SourceDate "1996.11.15"]
[SourceVersion "1"]
[SourceVersionDate "1996.11.15"]
[SourceQuality "1"]

1. e4 c5 2. Nf3 Nc6 3. Bb5 d6 4. 0-0 Bd7 5. Re1 Nf6 6. c3 a6 7. Ba4 b5 8. Bc2 Bg4 9. a4 Rc8 10. axb5 axb5 11. h3 Bxf3 12. Qxf3 g6 13. Qe2 Qb6 14. d3 Bg7 15. Bg5 0-0 16. Nd2 Nd7 17. Reb1 Ra8 18. Nf1 h6 19. Bd2 Rxa1 20. Rxa1 e6 21. h4 d5 22. exd5 exd5 23. h5 g5 24. d4 cxd4 25. Qf3 Nf6 26. Ng3 dxc3 27. bxc3 Ne5 28. Qf5 Qe6 29. Be3 Re8 30. Bd4 Nc6 31. Qxe6 fxe6 32. Bg6 Rc8 33. Ne2 b4 34. g3 e5 35. Bb6 b3 36. Rb1 Rb8 37. Bc7 Rb7 38. Bd6 e4 39. Nc1 b2 40. Na2 Na5 41. Nb4 Nc4 42. Bc5 Nd7 43. Be3 Rxb4 44. cxb4 Na3 45. Rxb2 Bxb2 46. Bf5 Nf6 47. Be6+ Kg7 48. Bc5 Nb5 49. Kf1 Bc3 50. Be7 Nd4 0-1

[Event "POL-chT reg"]
[Site "Poland"]
[Date "1995.??.??"]
[Round "?"]
[White "Morkisz, Bogdan"]
[Black "Kaula, Roman"]
[Result "1/2-1/2"]
[WhiteElo "2220"]
[BlackElo "2350"]
[PlyCount "56"]
[EventDate "1995.??.??"]
[EventType "team"]
[EventRounds "11"]
[EventCountry "POL"]
[SourceTitle "EXT 2001"]
[Source "ChessBase"]
[SourceDate "2000.11.22"]
[SourceVersion "1"]
[SourceVersionDate "2000.11.22"]
[SourceQuality "1"]

1. e4 e5 2. Nf3 Nc6 3. Bc4 Bc5 4. c3 Nf6 5. d4 exd4 6. cxd4 Bb4+ 7. Nc3 Nxe4 8. 0-0 Bxc3 9. d5 Bf6 10. Re1 Ne7 11. Rxe4 d6 12. Bg5 Bxg5 13. Nxg5 h6 14. Qe2 hxg5 15. Re1 Be6 16. dxe6 f6 17. Re3 c6 18. Rh3 Rxh3 19. gxh3 g6 20. Qf3 Qa5 21. Qxf6 Qxe1+ 22. Bf1 0-0-0 23. Qxe7 Qe4 24. b4 Qf4 25. Be2 Rf8 26. Qd7+ Kb8 27. f3 Qe3+ 28. Kf1 Ka8 1/2-1/2

[Event "POL-chT 47th"]
[Site "Mikolajki"]
[Date "1991.09.??"]
[Round "1"]
[White "Krasenkow, Michal"]
[Black "Kaula, Roman"]
[Result "1-0"]
[WhiteElo "2550"]
[BlackElo "2300"]
[PlyCount "99"]
[EventDate "1991.09.20"]
[EventType "team-swiss"]
[EventRounds "9"]
[EventCountry "POL"]
[SourceTitle "EXT 2019"]
[Source "ChessBase"]
[SourceDate "2018.10.10"]
[SourceVersion "1"]
[SourceVersionDate "2018.10.10"]
[SourceQuality "1"]
[WhiteTeam "Gorzow Wielkopolski Stilon"]
[BlackTeam "Bytom Start"]
[WhiteTeamCountry "POL"]
[BlackTeamCountry "POL"]

1. d4 Nf6 2. c4 g6 3. Nc3 Bg7 4. e4 d6 5. Nf3 0-0 6. Be2 e5 7. 0-0 Na6 8. Re1 c6 9. Bf1 exd4 10. Nxd4 Ng4 11. h3 Qb6 12. hxg4 Qxd4 13. g5 Nc5 14. Qf3 Qe5 15. Bf4 Qe7 16. Qg3 Be5 17. Rad1 Ne6 18. Bxe5 dxe5 19. Qxe5 Qxg5 20. Qxg5 Nxg5 21. f4 Ne6 22. f5 Ng5 23. Re3 Kg7 24. Rd6 f6 25. fxg6 hxg6 26. e5 fxe5 27. Rxe5 Bf5 28. Bd3 Rad8 29. Rxd8 Rxd8 30. Bxf5 Kf6 31. Ra5 gxf5 32. Rxa7 Rd2 33. Rxb7 f4 34. Kf1 Kf5 35. a4 Rc2 36. a5 Rc1+ 37. Ke2 Rc2+ 38. Kf1 Rc1+ 39. Ke2 Rc2+ 40. Kd3 Rxg2 41. a6 Ne6 42. Ne4 Rg1 43. a7 Ra1 44. Rf7+ Ke5 45. Re7 Kf5 46. b3 Ng5 47. Nxg5 Kxg5 48. Rf7 Kg4 49. Ke4 Re1+ 50. Kd4 1-0

[Event "POL-chB"]
[Site "Bielsko Biala"]
[Date "1991.??.??"]
[Round "11"]
[White "Kaula, Roman"]
[Black "Kiedrowicz, Jan"]
[Result "1-0"]
[WhiteElo "2310"]
[BlackElo "2295"]
[PlyCount "199"]
[EventDate "1991.??.??"]
[EventType "swiss"]
[EventRounds "11"]
[EventCountry "POL"]
[SourceTitle "EXT 1997"]
[Source "ChessBase"]
[SourceDate "1996.11.15"]
[SourceVersion "1"]
[SourceVersionDate "1996.11.15"]
[SourceQuality "1"]

1. e4 Nc6 2. Nf3 d6 3. d4 Nf6 4. Nc3 Bg4 5. Bb5 Nd7 6. d5 Ncb8 7. h3 Bxf3 8. Qxf3 c6 9. dxc6 bxc6 10. Bc4 Ne5 11. Qe2 Nxc4 12. Qxc4 e6 13. 0-0 Be7 14. Bf4 0-0 15. Rfd1 d5 16. Qe2 Re8 17. Na4 Qa5 18. b3 Nd7 19. c4 Qa6 20. exd5 cxd5 21. Qd3 Nf6 22. cxd5 Qxd3 23. Rxd3 Nxd5 24. Be5 Rac8 25. Rd2 Bb4 26. Re2 a6 27. a3 Be7 28. b4 Rc6 29. g3 h6 30. Bd4 a5 31. Bc5 axb4 32. axb4 Nxb4 33. Bxb4 Bxb4 34. Nb2 Bc5 35. Nd3 Bd4 36. Ra4 Rd8 37. Kg2 h5 38. h4 Bf6 39. Nf4 g6 40. Ra7 Rcd6 41. Rc2 R6d7 42. Rxd7 Rxd7 43. Kf3 Kg7 44. Ra2 Be5 45. Ng2 Rb7 46. Ne3 Rb3 47. Rd2 Bc7 48. Ke2 Ba5 49. Rc2 Bb6 50. Nc4 Bd4 51. Rd2 e5 52. Ra2 Kf6 53. Ra6+ Ke7 54. Ne3 Bxe3 55. fxe3 e4 56. Ra4 f5 57. Ra7+ Ke6 58. Ra6+ Kf7 59. Ra7+ Kf6 60. Ra6+ Kg7 61. Ra7+ Kh6 62. Ra6 Rb2+ 63. Kf1 Rb7 64. Kf2 Kg7 65. Ke2 Kf7 66. Rc6 Re7 67. Ra6 Re6 68. Ra7+ Kf6 69. Ra5 Rd6 70. Rb5 Ke6 71. Ra5 Kd7 72. Ra7+ Kc6 73. Ra5 Kb6 74. Re5 Rc6 75. Kf2 Rc2+ 76. Kf1 Rc5 77. Re6+ Kb5 78. Rxg6 Rc1+ 79. Ke2 Rc2+ 80. Kf1 Kc4 81. Rd6 Ra2 82. Rd4+ Kc3 83. Rd5 Rd2 84. Rxf5 Kd3 85. Rxh5 Kxe3 86. Rf5 Rd8 87. h5 Kd2 88. Re5 e3 89. g4 Rd4 90. g5 Rf4+ 91. Kg2 Rh4 92. Kf3 Rh3+ 93. Kg4 Rh1 94. g6 e2 95. Kg5 Rg1+ 96. Kf6 Rf1+ 97. Kg7 Rf3 98. Rxe2+ Kxe2 99. h6 Rh3 100. h7 1-0

[Event "POL-chT 46th play-off"]
[Site "Bydgoszcz"]
[Date "1990.09.23"]
[Round "2"]
[White "Kornasiewicz, Stanislaw"]
[Black "Kaula, Roman"]
[Result "0-1"]
[WhiteElo "2255"]
[BlackElo "2305"]
[PlyCount "88"]
[EventDate "1990.09.22"]
[EventType "team-k.o."]
[EventRounds "3"]
[EventCountry "POL"]
[SourceTitle "EXT 2019"]
[Source "ChessBase"]
[SourceDate "2018.10.10"]
[SourceVersion "1"]
[SourceVersionDate "2018.10.10"]
[SourceQuality "1"]
[WhiteTeam "Czerwionka Gornik 23"]
[BlackTeam "Bytom Start"]
[WhiteTeamCountry "POL"]
[BlackTeamCountry "POL"]

1. Nf3 Nf6 2. d4 g6 3. Bg5 Ne4 4. Bf4 Bg7 5. Nbd2 d5 6. e3 c5 7. c3 Nd7 8. Nxe4 dxe4 9. Nd2 f5 10. Bc4 Nb6 11. Bb3 Nd5 12. Bg3 0-0 13. 0-0 Be6 14. Qe2 Bf7 15. Rfd1 cxd4 16. cxd4 Nb4 17. f3 Bxb3 18. axb3 exf3 19. Nxf3 Qd5 20. Rdc1 Rfc8 21. Rc3 Rxc3 22. bxc3 Nc6 23. b4 Rc8 24. b5 Nd8 25. Be1 Nf7 26. Rxa7 Nd6 27. Qa2 Qxa2 28. Rxa2 Nxb5 29. Rb2 Nd6 30. h3 Bh6 31. Re2 b5 32. Rb2 Bxe3+ 33. Kh1 Ra8 34. Rb1 Kf7 35. Bh4 Ra3 36. Be1 Ke6 37. Ne5 g5 38. Nc6 f4 39. Ne5 h5 40. Nd3 Kf5 41. Nc5 g4 42. Bh4 Rxc3 43. Bxe7 Bxd4 44. Na6 Ne4 0-1